00355nam a2200157Ia 45000010006000000050017000060080041000230410008000640820013000721000026000852450033001112600009001443000028001536500008001816540008001891559020260306170207.0260306t2015||||xx |||||||||||||| ||und|| aESP a550bM26 aMarshak, StepheneAUT 0aEarth:bportrait of a planet c2015 a875 páginas :c27 cm. aGEN aCCN